| 000 | 02020nam a2200445 i 4500 | ||
|---|---|---|---|
| 001 | ebr10960581 | ||
| 003 | CaPaEBR | ||
| 006 | m o d | ||
| 007 | cr cn||||||||| | ||
| 008 | 141112t20062006paua ob 001 0 eng d | ||
| 020 | _z9780822958963 | ||
| 020 | _a9780822972884 (e-book) | ||
| 040 |
_aCaPaEBR _beng _erda _epn _cCaPaEBR |
||
| 035 | _a(OCoLC)656570700 | ||
| 043 | _acl----- | ||
| 050 | 1 | 4 |
_aJL960 _b.E54 2006eb |
| 082 | 0 | 4 |
_a320.6098 _222 |
| 245 | 0 | 0 |
_aEnforcing the rule of law : _bsocial accountability in the new Latin American democracies / _cedited by Enrique Peruzzotti and Catalina Smulovitz. |
| 264 | 1 |
_aPittsburgh, Pennsylvania : _bUniversity of Pittsburgh Press, _c2006. |
|
| 264 | 4 | _c�2006 | |
| 300 |
_a1 online resource (377 pages) : _billustrations. |
||
| 336 |
_atext _2rdacontent |
||
| 337 |
_acomputer _2rdamedia |
||
| 338 |
_aonline resource _2rdacarrier |
||
| 490 | 1 | _aPitt Latin American Series | |
| 504 | _aIncludes bibliographical references and index. | ||
| 588 | _aDescription based on print version record. | ||
| 590 | _aElectronic reproduction. Palo Alto, Calif. : ebrary, 2014. Available via World Wide Web. Access may be limited to ebrary affiliated libraries. | ||
| 650 | 0 |
_aPublic administration _zLatin America. |
|
| 650 | 0 |
_aRule of law _zLatin America. |
|
| 650 | 0 |
_aGovernment liability _zLatin America. |
|
| 651 | 0 |
_aLatin America _xPolitics and government _y1980- |
|
| 655 | 0 | _aElectronic books. | |
| 700 | 1 |
_aPeruzzotti, Enrique, _eeditor. |
|
| 700 | 1 |
_aSmulovitz, Catalina, _eeditor. |
|
| 776 | 0 | 8 |
_iPrint version: _tEnforcing the rule of law : social accountability in the new Latin American democracies. _dPittsburgh, Pennsylvania : University of Pittsburgh Press, c2006 _hxiv, 362 pages _kPitt Latin American series. _z9780822958963 _w2005028747 |
| 797 | 2 | _aebrary. | |
| 830 | 0 | _aPitt Latin American series. | |
| 856 | 4 | 0 |
_uhttp://site.ebrary.com/lib/rucke/Doc?id=10960581 _zAn electronic book accessible through the World Wide Web; click to view |
| 999 |
_c1640 _d1640 |
||